Hidup sihat

Bibliographic Details
Main Author: Mohamad Ali Majod
Format: Book
Published: Kuala Lumpur : Utusan Publications & Distributors , 2005
Series:Siri sihat terpuji

MARC

LEADER 00000cam a2200000 7i4500
001 0000051301
005 20150819.0
008 150819
020 |a 9676117560 
020 |a 9789676117564 
090 0 0 |a MOR   |b MAL 
100 0 |a Mohamad Ali Majod 
245 1 0 |a Hidup sihat   |c Mohmanad Ali Majod 
260 |a Kuala Lumpur :   |b Utusan Publications & Distributors ,   |c 2005 
490 0 |a Siri sihat terpuji 
999 |a 0000988975   |b Book   |c Children Collection   |e Cawangan Mersing 
999 |a 0000988976   |b Book   |c Children Collection   |e Cawangan Mersing